Most Spoken Languages - Europe - Statistics

General Stats
  • This quiz has been taken 70 times
  • The average score is 9 of 10
Answer Stats
Speakers Answer % Correct
95 million German
100%
160 million Russian
100%
80 million French
99%
63 million English
97%
65 million Italian
97%
47 million Spanish
93%
36 million Polish
91%
22 million Dutch
86%
27 million Ukrainian
81%
78 million Turkish
80%
No matching quizzes found
Score Distribution
Percent of People with Each Score
Percentile by Number Answered
Your Score History
You have not taken this quiz